00378nam a2200133Ia 450000500170000000800410001702000180005808200130007610000160008924500360010526000610014130000130020250000290021520250317140732.0240331s9999 xx 000 0 und d a9789551810009 bJEYa894 aJeyaraja, S 0aThai molzhi kalvium katpithalum aSri LankabIlangai mutpoku kalai ilakkiyap peravaic2007 a128 p ., aThai molzhi valikkalvizi